000
00203nam a22000857a 4500
008
161125b xxu||||| |||| 00| 0 eng d
100
_9
1427
_a
Housel.D.J.
245
_a
Grammar Grade-4
260
_a
USA
_b
TCR
_c
2003
999
_c
4146
_d
4146